[Event "15. OIBM Bad Wiessee"]
[Site "Bad Wiessee"]
[Date "2011.10.30"]
[Round "2.9"]
[White "Zenker, Ulrich"]
[Black "Zakhartsov, Viacheslav"]
[Result "0-1"]
[WhiteElo "2202"]
[BlackElo "2580"]
[PlyCount "138"]
[EventDate "2011.??.??"]
[WhiteTeam "SU Ebersberg-Grafing"]

1. e4 c5 2. Nf3 e6 3. c3 Nf6 4. e5 Nd5 5. d4 cxd4 6. cxd4 d6 7. Be2 Nd7 8. O-O
Qc7 9. Nc3 Nxc3 10. bxc3 dxe5 11. dxe5 Nxe5 12. Nxe5 Qxe5 13. Rb1 Bd6 14. g3
Qc5 15. Bb5+ Ke7 16. Qg4 g6 17. Rd1 f6 18. Be3 Qc7 19. Qf3 Rd8 20. c4 Kf7 21.
Ba6 Be7 22. Rxd8 Bxd8 23. Bf4 e5 24. Bxb7 Rb8 25. Bd5+ Kg7 26. Rxb8 Qxb8 27.
Bd2 Qb1+ 28. Kg2 Qxa2 29. Bb4 Qa4 30. Bd6 Qd7 31. c5 a5 32. Kg1 Ba6 33. Bc6 Qe6
34. Bd5 Qh3 35. Qd1 Qd7 36. Bc4 Bc8 37. Qd5 Qe8 38. h4 Bd7 {Diagramm #} 39. Kh2
(39. Qb7 $1 Kh6 40. c6 Bxc6 41. Qxc6 $3 Qxc6 42. Bf8+ Kh5 43. Be2+ Qf3 44.
Bxf3#) 39... Bc6 40. Bf8+ Qxf8 41. Qxc6 Qe7 42. Bb5 f5 43. Kg2 e4 44. Qd5 Bc7
45. c6 Qd6 46. Qxd6 Bxd6 47. f3 exf3+ 48. Kxf3 h5 49. Ba4 Kf6 50. c7 Bxc7 51.
Be8 Kg7 52. Ba4 g5 53. Be8 g4+ 54. Kf2 Kf6 55. Kg2 Ke7 56. Ba4 Be5 57. Bb5 Kd6
58. Be8 Kc5 59. Bxh5 a4 60. Bf7 Kd4 61. Kf2 a3 62. Bg8 Bg7 63. Ke2 Bh6 64. Kf2
Kc3 65. Ke2 Kb2 66. Kd3 a2 67. Bxa2 Kxa2 68. Kd4 Kb3 69. Ke5 f4 0-1

[Event "15. OIBM Bad Wiessee"]
[Site "Bad Wiessee"]
[Date "2011.10.30"]
[Round "2.10"]
[White "Ossig, Rainer"]
[Black "Kempinski, Robert"]
[Result "0-1"]
[WhiteElo "2000"]
[BlackElo "2604"]
[PlyCount "70"]
[EventDate "2011.??.??"]
[WhiteTeam "SV Dinslaken 1923 e.V."]
[BlackTeam "Hamburger SK von 1830 eV"]

1. Nf3 Nf6 2. g3 g6 3. b3 d5 4. Bb2 c5 5. c4 d4 6. b4 Bg7 7. Bg2 O-O 8. O-O Re8
9. bxc5 Ne4 10. d3 Nxc5 11. Ba3 Nba6 12. Nbd2 Rb8 13. Nb3 Ne6 14. Rb1 Bd7 15.
Qd2 h6 16. Bb2 Bc6 17. e3 dxe3 18. fxe3 Bxb2 19. Rxb2 Qc7 20. Nbd4 Nac5 21.
Nxc6 bxc6 22. Rxb8 Rxb8 23. d4 Nd7 24. e4 c5 25. d5 Ng5 26. Nxg5 hxg5 27. Qxg5
Qe5 28. Qf4 Qd4+ 29. Qf2 Qxf2+ 30. Rxf2 Rb1+ 31. Bf1 Ne5 32. Kg2 a5 33. h3 a4
34. Rd2 a3 35. d6 exd6 0-1

[Event "15. OIBM Bad Wiessee"]
[Site "Bad Wiessee"]
[Date "2011.10.30"]
[Round "2.11"]
[White "Swiercz, Dariusz"]
[Black "Danielmeier, Ralf"]
[Result "1-0"]
[WhiteElo "2585"]
[BlackElo "2193"]
[PlyCount "91"]
[EventDate "2011.??.??"]
[WhiteTeam "Schachklub Turm Emsdetten e.V."]
[BlackTeam "Bielefelder SK von 1883"]

1. e4 d5 2. exd5 Qxd5 3. Nc3 Qa5 4. d4 Nf6 5. Nf3 c6 6. Bc4 Bf5 7. Bd2 e6 8.
Nd5 Qd8 9. Nxf6+ gxf6 10. Bb3 Qc7 11. Nh4 Bg6 12. Qf3 Nd7 13. Qh3 Bg7 14. O-O-O
O-O-O 15. Rhe1 f5 16. c3 b5 17. Nf3 Nb6 18. Bg5 Rde8 19. Bh6 Bxh6+ 20. Qxh6 a5
21. a3 Nd7 22. Ne5 Nf6 23. f3 Rd8 24. Nd3 Nh5 25. Re5 a4 26. Ba2 Kb8 27. Rd2
Rhe8 28. Nb4 Kb7 29. Rc5 Qxh2 30. Qe3 f4 31. Qe1 Rd6 32. c4 bxc4 33. Bxc4 Nf6
34. Ba6+ Kc7 35. Bb5 Rb8 36. Na6+ Kb6 37. Nxb8 cxb5 38. Qf1 Ka7 39. Nc6+ Ka8
40. Nb4 Rb6 41. b3 axb3 42. Kb2 Nd5 43. Nxd5 exd5 44. Qe1 Re6 45. Re2 Bd3 46.
Qa5+ 1-0

[Event "15. OIBM Bad Wiessee"]
[Site "Bad Wiessee"]
[Date "2011.10.30"]
[Round "2.12"]
[White "Wengler, Joerg"]
[Black "Andersson, Ulf"]
[Result "1/2-1/2"]
[WhiteElo "2125"]
[BlackElo "2582"]
[PlyCount "111"]
[EventDate "2011.??.??"]
[WhiteTeam "FC Bayern München e.V."]
[BlackTeam "SF Gerresheim 86 e.V."]

1. e4 c5 2. c3 d5 3. exd5 Qxd5 4. d4 e6 5. Nf3 Nc6 6. Na3 Qd8 7. Nc2 Nf6 8. Bd3
Be7 9. O-O O-O 10. Re1 b6 11. Bf4 Bb7 12. Qe2 cxd4 13. Ncxd4 Nxd4 14. Nxd4 Bc5
15. Nf3 Qe7 16. Rad1 Rfd8 17. Bg5 h6 18. Bxf6 Qxf6 19. Be4 Qe7 20. Bxb7 Qxb7
21. Ne5 Qc7 22. Qe4 Rac8 23. Nf3 b5 24. Qc2 Bb6 25. Qe2 Qc5 26. Ne5 Bc7 27. Nf3
b4 28. c4 a5 29. b3 Bb6 30. Ne5 Qc7 31. Nf3 Ra8 32. Rxd8+ Rxd8 33. Rd1 Rxd1+
34. Qxd1 Qc5 35. Qc2 e5 36. g3 e4 37. Nh4 Qe5 38. Qe2 g5 39. Ng2 Qa1+ 40. Ne1
Qd4 41. Ng2 Qa1+ 42. Ne1 Qe5 43. Ng2 f5 44. Ne3 Kf7 45. Nd5 Bc5 46. Kg2 Qd4 47.
Qh5+ Kg7 48. Qe2 Kf8 49. Qc2 Kf7 50. Qe2 Kg6 51. Qc2 Kf7 52. Qe2 Ke6 53. Ne3
Qe5 54. Nd5 Qd4 55. Ne3 Qe5 56. Nd5 1/2-1/2

[Event "15. OIBM Bad Wiessee"]
[Site "Bad Wiessee"]
[Date "2011.10.30"]
[Round "2.13"]
[White "Eingorn, Vereslav"]
[Black "Babar, Michael"]
[Result "1-0"]
[WhiteElo "2567"]
[BlackElo "2175"]
[PlyCount "149"]
[EventDate "2011.??.??"]
[BlackTeam "SC Hansa Dortmund e.V."]

1. d4 Nf6 2. Nf3 g6 3. c4 Bg7 4. g3 O-O 5. Bg2 c6 6. O-O d6 7. Nc3 Qc7 8. h3 e5
9. e4 Nbd7 10. Be3 Re8 11. d5 c5 12. a3 a6 13. Re1 Rb8 14. Bf1 Rf8 15. Rc1 Ne8
16. b4 b6 17. Bd2 h6 18. Nh4 Qd8 19. Na4 Kh7 20. Qc2 Bf6 21. Ng2 Ng7 22. Rb1
Qc7 23. bxc5 bxc5 24. Rxb8 Nxb8 25. g4 Bd8 26. Rb1 h5 27. f3 Nd7 28. Bd3 hxg4
29. hxg4 Rh8 30. Nc3 Ne8 31. Nd1 Kg7 32. Nf2 Qa7 33. Ne3 Qc7 34. Kg2 Qa7 35.
Bc3 Bg5 36. Nf1 Qc7 37. Ng3 Qd8 38. Rh1 Rxh1 39. Nfxh1 Qb6 40. Nf1 Kg8 41. Nf2
Ng7 42. Nh3 Be7 43. Bd2 f6 44. Ne3 Nf8 45. Ng1 Bd8 46. Ne2 Bd7 47. Qb1 Qxb1 48.
Bxb1 Kf7 49. Bc2 Bc7 50. Ng3 Nh7 51. Nd1 Nf8 52. Nb2 g5 53. Ba4 Bxa4 54. Nxa4
Ng6 55. Kf2 Nf4 56. Nf1 Ke8 57. Bc3 Kf7 58. Nd2 Ke8 59. Nb3 Ng6 60. Bd2 Ne7 61.
Ke2 Kd7 $2 62. Naxc5+ dxc5 63. Nxc5+ Kc8 64. Nxa6 Ng6 65. c5 Kb7 66. Nb4 Nf4+
67. Bxf4 gxf4 68. Kd3 Ba5 69. Kc4 Bd8 70. a4 Ba5 71. Nc6 Bc7 72. Kb5 Ne8 73. a5
f5 74. a6+ Ka8 75. gxf5 1-0

[Event "15. OIBM Bad Wiessee"]
[Site "Bad Wiessee"]
[Date "2011.10.30"]
[Round "2.14"]
[White "Czap, Bernard"]
[Black "Lenderman, Aleksandr"]
[Result "0-1"]
[WhiteElo "2208"]
[BlackElo "2562"]
[PlyCount "98"]
[EventDate "2011.??.??"]
[WhiteTeam "SC Unterhaching e.V."]

1. c4 e5 2. g3 Nf6 3. Bg2 h6 4. a3 c6 5. d4 exd4 6. Qxd4 d5 7. Nf3 Be7 8. O-O
O-O 9. Nc3 c5 10. Qd3 d4 11. Ne4 Nc6 12. b4 cxb4 13. axb4 Bxb4 14. Bb2 Nxe4 15.
Qxe4 Re8 16. Qd3 Bc5 17. Rfd1 Bg4 18. Bxd4 Nxd4 19. Nxd4 Qf6 20. Rd2 Bxe2 21.
Rxe2 Bxd4 22. Rf1 Rxe2 23. Qxe2 Qb6 24. Bd5 Bf6 25. Qe4 Rb8 26. Rb1 Qd4 27.
Qxd4 Bxd4 28. Rxb7 Rxb7 29. Bxb7 Kf8 30. Kf1 Ke7 31. f3 a5 32. Ke2 Kd6 33. Kd3
Kc5 34. Bd5 f6 35. g4 g5 36. h3 a4 37. Kc2 Kb4 38. Kb1 Kc3 39. Ka2 Bc5 40. Bc6
a3 41. Bd5 Kd4 42. Kb3 Ke3 43. Ka2 Kf4 44. Be4 Kg3 45. Kb3 Kxh3 46. Ka2 Kg3 47.
Kb3 Kf4 48. Ka2 f5 49. Bxf5 h5 0-1

[Event "15. OIBM Bad Wiessee"]
[Site "Bad Wiessee"]
[Date "2011.10.30"]
[Round "2.15"]
[White "Nyzhnyk, Illja"]
[Black "Schatz, Dieter"]
[Result "1-0"]
[WhiteElo "2561"]
[BlackElo "2213"]
[PlyCount "67"]
[EventDate "2011.??.??"]
[BlackTeam "SK Landau"]

1. d4 e6 2. c4 b6 3. Nf3 Nf6 4. g3 Ba6 5. Qa4 Be7 6. Bg2 Bb7 7. O-O O-O 8. Rd1
d6 9. Bg5 Ne4 10. Bxe7 Qxe7 11. Qc2 f5 12. Nfd2 d5 13. Nc3 c6 14. a4 a5 15.
cxd5 exd5 16. Rab1 Na6 17. Nf3 Nb4 18. Qc1 Rad8 19. Qe3 Qf6 20. Rbc1 Rd6 21.
Ne5 g5 22. f3 Nxc3 23. bxc3 Na6 24. f4 g4 25. Rb1 c5 26. c4 Rfd8 27. cxd5 Bxd5
28. dxc5 Nxc5 {Diagramm #} 29. Rxb6 $3 Bxg2 30. Rdxd6 Rxd6 31. Rb8+ Kg7 32.
Qxc5 Bd5 33. Qc7+ Bf7 34. Rb7 1-0

[Event "15. OIBM Bad Wiessee"]
[Site "Bad Wiessee"]
[Date "2011.10.30"]
[Round "2.17"]
[White "Juergens, Klaus"]
[Black "Sokolov, Andrei"]
[Result "0-1"]
[WhiteElo "2155"]
[BlackElo "2519"]
[PlyCount "60"]
[EventDate "2011.??.??"]
[WhiteTeam "SG Traunstein/Traunreut e.V."]
[BlackTeam "TV Tegernsee"]

1. e4 c5 2. Nc3 e6 3. g3 Nc6 4. Bg2 g6 5. d3 Bg7 6. Nge2 d6 7. O-O Nge7 8. Bg5
h6 9. Be3 Nd4 10. Qd2 Bd7 11. Rab1 Rc8 12. a3 b6 13. Nd1 d5 14. Nc1 h5 15. c3
Ndc6 16. f4 d4 17. Bf2 e5 18. c4 a5 19. Ne2 Bh6 20. Be1 O-O 21. Qc2 f5 22. fxe5
fxe4 23. Rxf8+ Qxf8 24. Bxe4 Nxe5 25. Bd2 Nf3+ 26. Bxf3 Qxf3 27. Bxh6 Bc6 28.
Nxd4 cxd4 29. Qd2 Nf5 30. Bf4 Re8 0-1

[Event "15. OIBM Bad Wiessee"]
[Site "Bad Wiessee"]
[Date "2011.10.30"]
[Round "2.18"]
[White "Rivas Pastor, Manuel"]
[Black "Voelker, Sebastian"]
[Result "1-0"]
[WhiteElo "2559"]
[BlackElo "2108"]
[PlyCount "119"]
[EventDate "2011.??.??"]
[BlackTeam "SC Oberwinden 1957 e.V."]

1. d4 d5 2. c4 c6 3. Nf3 Nf6 4. Qc2 a6 5. Bf4 e6 6. e3 Nbd7 7. h3 Bb4+ 8. Nbd2
Ne4 9. a3 Ba5 10. b4 Nxd2 11. Nxd2 Bc7 12. Bxc7 Qxc7 13. Bd3 Nf6 14. f4 b6 15.
c5 O-O 16. cxb6 Qxb6 17. Nb3 a5 18. Nxa5 Ba6 19. O-O Bb5 20. Rfd1 Ra6 21. Rac1
g6 22. Qc5 Rfa8 23. Bxb5 cxb5 24. Qe7 Qd8 25. Qxd8+ Rxd8 26. Rc5 Ne4 27. Rc7
Nd6 28. Ra1 Rda8 29. Rc5 Rb6 30. a4 bxa4 31. Rxa4 Kg7 32. Kf1 Rba6 33. Ke2 Nc4
34. Rxc4 dxc4 35. Kd2 Kf6 36. e4 h5 37. h4 Kg7 38. Kc3 f6 39. Ra2 g5 40. hxg5
fxg5 41. fxg5 Kg6 42. Rf2 Kxg5 43. e5 Kh4 44. Kxc4 Kg3 45. Rf6 h4 46. Rg6+ Kf4
47. Nb3 Rb8 48. Nc5 Rab6 49. Kd3 Rxb4 50. Nxe6+ Kf5 51. Rf6+ Kg4 52. Ke4 Rg8
53. Nf4 Kg3 54. e6 Rd8 55. Ke5 Ra4 56. d5 Rb8 57. e7 Rb3 58. Ne6 Re3+ 59. Kf5
Ra8 60. Rf8 1-0

[Event "15. OIBM Bad Wiessee"]
[Site "Bad Wiessee"]
[Date "2011.10.30"]
[Round "2.19"]
[White "Gschwendtner, Klaus"]
[Black "Zhigalko, Andrey"]
[Result "1/2-1/2"]
[WhiteElo "2112"]
[BlackElo "2555"]
[PlyCount "162"]
[EventDate "2011.??.??"]
[WhiteTeam "SF Starnberger See e.V."]

1. e4 c5 2. Nf3 d6 3. Bb5+ Nd7 4. c3 Ngf6 5. Qe2 a6 6. Ba4 g6 7. O-O Bg7 8. d4
b5 9. Bc2 cxd4 10. cxd4 Nb6 11. h3 O-O 12. Bf4 Bb7 13. Nbd2 Rc8 14. Bd3 Nh5 15.
Be3 e5 16. Rac1 Nf4 17. Bxf4 exf4 18. Nb3 Re8 19. Rxc8 Qxc8 20. Rc1 Qd8 21. Qd2
Nc4 22. Qxf4 Nxb2 23. Bb1 Nc4 24. Bd3 Nb2 25. Bb1 h6 26. h4 Nc4 27. Bd3 Qf6 28.
Qxf6 Bxf6 29. Bxc4 bxc4 30. Rxc4 Bxe4 31. Nbd2 Bb7 32. Rb4 Re7 33. Rb6 Rd7 34.
Kh2 Bd8 35. Rb2 Bd5 36. Kg3 Kf8 37. Kf4 Rb7 38. Rc2 Ke8 39. Nc4 Kd7 40. Ne3
Bxf3 41. Kxf3 Bxh4 42. d5 Bd8 43. g4 a5 44. Rc6 Bc7 45. Nc4 Rb1 46. Ra6 Ra1 47.
Ra7 Rxa2 48. Nb6+ Kd8 49. Ra8+ Ke7 50. Ra7 Rc2 51. Na8 Kd7 52. Ke4 Rc4+ 53. Kd3
Rc5 54. Kd4 a4 55. Nxc7 Rxc7 56. Rxa4 Ke7 57. f4 Rb7 58. Ke4 Rb6 59. Ra7+ Kf6
60. g5+ hxg5 61. fxg5+ Kg7 62. Ra4 Kf8 63. Ra8+ Ke7 64. Ra7+ Kf8 65. Ra8+ Kg7
66. Ra4 Rb1 67. Ra6 Rf1 68. Rxd6 Rf5 69. Ra6 Rxg5 70. d6 Kf6 71. d7+ Ke7 72.
Rd6 f5+ 73. Ke5 Kd8 74. Rd2 Rg4 75. Ke6 Ra4 76. Kf6 Rg4 77. Ke6 Rg1 78. Ra2
Re1+ 79. Kf6 f4 80. Kxg6 f3 81. Rf2 Re3 1/2-1/2

[Event "15. OIBM Bad Wiessee"]
[Site "Bad Wiessee"]
[Date "2011.10.30"]
[Round "2.20"]
[White "Adhiban, B."]
[Black "Thiel, Kuno"]
[Result "1-0"]
[WhiteElo "2551"]
[BlackElo "2194"]
[PlyCount "59"]
[EventDate "2011.??.??"]
[BlackTeam "SV Hennef 1927 e.V."]

1. e4 Nf6 2. e5 Nd5 3. d4 d6 4. Nf3 g6 5. Bc4 c6 6. exd6 Qxd6 7. O-O Bg7 8. h3
O-O 9. Nbd2 a5 10. Re1 b5 11. Bf1 Nd7 12. a4 b4 13. Bc4 Re8 14. Ne4 Qc7 15. Bg5
Bb7 16. Bh4 Rad8 17. Qe2 c5 18. Neg5 Bf6 {Diagramm #} 19. Nxf7 $1 Kxf7 20. Qe6+
Kg7 21. Bxd5 Bxd5 22. Qxd5 Ne5 23. Bxf6+ exf6 24. Qxc5 Nxf3+ 25. gxf3 Qf4 (
25... Qxc5 26. dxc5 Rxe1+ 27. Rxe1 Rc8 $14) 26. Re4 Qxf3 27. Qc7+ Kf8 28. Rh4
h5 29. Rf4 Qxh3 30. Rxf6+ 1-0

[Event "15. OIBM Bad Wiessee"]
[Site "Bad Wiessee"]
[Date "2011.10.30"]
[Round "2.22"]
[White "Hertneck, Gerald"]
[Black "Jaeger, Martin"]
[Result "1-0"]
[WhiteElo "2547"]
[BlackElo "2086"]
[PlyCount "43"]
[EventDate "2011.??.??"]
[WhiteTeam "MSA Zugzwang 82 e.V."]
[BlackTeam "SV Dinslaken 1923 e.V."]

1. d4 Nf6 2. c4 e5 3. dxe5 Ne4 4. a3 d6 5. Nf3 Bf5 6. Nbd2 Nc6 7. Nxe4 Bxe4 8.
Ng5 Bg6 9. e6 fxe6 10. Nxe6 Qe7 11. Nf4 Bf7 12. Nd5 Qd7 13. e4 Be7 14. Be2 O-O
15. O-O Bg6 16. Bg4 Qd8 17. f3 Kh8 18. b3 Bf6 19. Ra2 Bd4+ 20. Kh1 a5 21. Rd2
Bc5 22. Bb2 1-0

[Event "15. OIBM Bad Wiessee"]
[Site "Bad Wiessee"]
[Date "2011.10.30"]
[Round "2.23"]
[White "Dumjahn, Carsten"]
[Black "Jakubiec, Artur"]
[Result "0-1"]
[WhiteElo "2118"]
[BlackElo "2528"]
[PlyCount "68"]
[EventDate "2011.??.??"]
[WhiteTeam "SV Eidelstedt"]

1. d4 f5 2. Bg5 h6 3. Bh4 g5 4. e3 Nf6 5. Bg3 e6 6. Nc3 Bb4 7. Bd3 Bxc3+ 8.
bxc3 d6 9. f3 Qe7 10. e4 f4 11. Bf2 e5 12. dxe5 dxe5 13. Qb1 Nc6 14. Qb5 a6 15.
Qc5 Qxc5 16. Bxc5 Be6 17. a4 Nd7 18. Ba3 h5 19. Ne2 O-O-O 20. Kf2 g4 21. Rhb1
Rhg8 22. Ng1 Rg7 23. h3 gxh3 24. Nxh3 Nb6 25. Bc5 Nc4 26. Rg1 b6 27. Ba3 Rdg8
28. Bxc4 Bxc4 29. Rad1 Be6 30. Bb2 Na5 31. c4 Nxc4 32. Ba1 Ne3 33. Nxf4 Nxd1+
34. Rxd1 exf4 0-1

[Event "15. OIBM Bad Wiessee"]
[Site "Bad Wiessee"]
[Date "2011.10.30"]
[Round "2.24"]
[White "Naumann, Alexander"]
[Black "Schweiger, Georg"]
[Result "1-0"]
[WhiteElo "2546"]
[BlackElo "2162"]
[PlyCount "81"]
[EventDate "2011.??.??"]
[WhiteTeam "SG Solingen e.V."]
[BlackTeam "SU Ebersberg-Grafing"]

1. d4 d5 2. c4 c6 3. Nc3 Nf6 4. e3 g6 5. Nf3 Bg7 6. Be2 O-O 7. O-O b6 8. Qb3
Bb7 9. Rd1 e6 10. Bd2 Nbd7 11. Be1 Qe7 12. a4 Rfb8 13. Qa2 a5 14. Rac1 Rc8 15.
b3 Ne4 16. Bd3 c5 17. Nb5 cxd4 18. exd4 Ndf6 19. Qe2 Nh5 20. g3 f5 21. Ne5 Ng5
22. f4 Nh3+ 23. Kf1 dxc4 24. Bxc4 N5xf4 25. gxf4 Nxf4 26. Qe3 Bg2+ 27. Kg1 Bh6
28. Qg3 Rxc4 29. Rxc4 Ne2+ 30. Kxg2 Nxg3 31. hxg3 f4 32. Rc7 Qg5 33. Rd3 Rf8
34. Nd6 Qh5 35. g4 Qg5 36. Ndf7 Rxf7 37. Rxf7 Bg7 38. Ra7 h5 39. Rc3 hxg4 40.
Rc8+ Kh7 41. Rh8+ 1-0

[Event "15. OIBM Bad Wiessee"]
[Site "Bad Wiessee"]
[Date "2011.10.30"]
[Round "2.25"]
[White "Teske, Henrik"]
[Black "Frey, Michael"]
[Result "1-0"]
[WhiteElo "2547"]
[BlackElo "2104"]
[PlyCount "141"]
[EventDate "2011.??.??"]
[WhiteTeam "SC 1950 Remagen"]
[BlackTeam "SC 1959 Obernau"]

1. c4 f5 2. Nc3 Nf6 3. d4 d6 4. Bg5 Nc6 5. Bxf6 exf6 6. e3 g6 7. b4 Bg7 8. c5
d5 9. b5 Ne7 10. h4 h5 11. Nh3 Be6 12. Nf4 Bf7 13. g3 Bh6 14. Nd3 a5 15. bxa6
Rxa6 16. Qb3 Ra7 17. Nb5 Ra8 18. Be2 Qd7 19. a4 O-O 20. Nc3 Nc6 21. Qb5 Ra5 22.
Qb2 Raa8 23. Nb4 Na5 24. Qc2 c6 25. Nb1 Rfe8 26. Nd2 Qc7 27. Ra3 Re7 28. f4
Rae8 29. Kf2 Kg7 30. Bf3 Kg8 31. Qb1 Bf8 32. Rc1 Kg7 33. Rac3 Ra8 34. Nd3 Ree8
35. Qc2 Qe7 36. Nb2 Qc7 37. Nb3 Nxb3 38. Rxb3 Be6 39. Rb1 Ra7 40. Nd1 Rea8 41.
Nc3 Be7 42. Bd1 Bc8 43. Qd3 Bd8 44. R3b2 Qf7 45. Bb3 Be6 46. Ne2 Ba5 47. Bc2
Bc8 48. Rh1 Be6 49. Qd1 Bd7 50. Qb1 Be6 51. Rb3 Re8 52. Qb2 Rea8 53. Rb1 Bc8
54. Nc1 Qe7 55. Ra3 Bd2 56. Bd1 Bxc1 57. Rxc1 Ra5 58. Bc2 R8a7 59. Rb1 Qf7 60.
Ke2 Qe7 61. Kd2 Ra8 62. Qc3 R8a7 63. Rb6 Qf7 64. Ra1 Qe7 65. Kc1 Qf7 66. Kb2
Qe7 67. Ka3 Qf7 68. Re1 Qe7 69. Qd3 {Diagramm #} Rxc5 70. dxc5 Qxc5+ 71. Rb4
1-0

[Event "15. OIBM Bad Wiessee"]
[Site "Bad Wiessee"]
[Date "2011.10.30"]
[Round "2.26"]
[White "Rau, Juergen"]
[Black "Krivoborodov, Egor"]
[Result "0-1"]
[WhiteElo "2152"]
[BlackElo "2505"]
[PlyCount "39"]
[EventDate "2011.??.??"]
[WhiteTeam "SV Dicker Turm Esslingen"]

1. Nf3 d5 2. d4 Nf6 3. c4 c6 4. e3 a6 5. Bd3 Bg4 6. Nbd2 Nbd7 7. Qc2 e6 8. O-O
Bd6 9. b3 Rb8 10. Bb2 O-O 11. h3 Bh5 12. Ng5 h6 13. Ngf3 Bxf3 14. Nxf3 Re8 15.
e4 dxe4 16. Bxe4 e5 17. dxe5 Nxe5 18. Nxe5 Bxe5 19. Bf3 Bxb2 20. Qxb2 {
Unleserlich, Schwarz gewann im Zug 88} 0-1

[Event "15. OIBM Bad Wiessee"]
[Site "Bad Wiessee"]
[Date "2011.10.30"]
[Round "2.27"]
[White "Bromberger, Stefan"]
[Black "Demir, Bilal"]
[Result "1-0"]
[WhiteElo "2511"]
[BlackElo "2174"]
[PlyCount "55"]
[EventDate "2011.??.??"]
[WhiteTeam "FC Bayern München e.V."]
[BlackTeam "SC Unterhaching e.V."]

1. Nf3 d6 2. e4 Nf6 3. Nc3 e5 4. d4 exd4 5. Nxd4 Be7 6. g3 O-O 7. Bg2 c6 8. O-O
Qc7 9. h3 Re8 10. g4 Na6 11. Be3 Bf8 12. g5 Nd7 13. Qd2 Nb6 14. b3 Be6 15. f4
Rad8 16. a4 Qc8 17. a5 Na8 18. Nxe6 fxe6 19. Bxa7 d5 20. exd5 exd5 21. Bd4 Nb4
22. f5 c5 23. f6 Rd7 24. fxg7 cxd4 25. gxf8=Q+ Rxf8 26. Rxf8+ Qxf8 27. Qxd4 Nc7
28. Ne4 1-0

[Event "15. OIBM Bad Wiessee"]
[Site "Bad Wiessee"]
[Date "2011.10.30"]
[Round "2.28"]
[White "Graf, Christian"]
[Black "Hoffmann, Michael"]
[Result "0-1"]
[WhiteElo "2121"]
[BlackElo "2496"]
[PlyCount "50"]
[EventDate "2011.??.??"]
[WhiteTeam "SGem Pang/Rosenheim"]
[BlackTeam "SG Solingen e.V."]

1. e4 c5 2. Nf3 g6 3. c4 Bg7 4. d4 Qb6 5. Nc3 cxd4 6. Nd5 Qa5+ 7. b4 Qd8 8.
Nxd4 Nf6 9. Nxf6+ Bxf6 10. Bb2 d6 11. Qd2 a5 12. Nb5 Nd7 13. h4 h5 14. O-O-O
axb4 15. Bxf6 Nxf6 16. e5 Ne4 17. Qe3 Rxa2 $1 18. Bd3 (18. Qxe4 Bf5 19. Qd4
Rc2+ $19) 18... Nxf2 19. exd6 Nxd3+ 20. Qxd3 O-O 21. dxe7 Qxe7 22. Nd6 Qe5 23.
Qd5 Qxd5 24. Rxd5 Ra1+ 25. Kb2 Rxh1 0-1

[Event "15. OIBM Bad Wiessee"]
[Site "Bad Wiessee"]
[Date "2011.10.30"]
[Round "2.29"]
[White "Ziska, Helgi Dam"]
[Black "Burger, Heinrich"]
[Result "1-0"]
[WhiteElo "2460"]
[BlackElo "2159"]
[PlyCount "135"]
[EventDate "2011.??.??"]

1. e4 c5 2. Nc3 Nc6 3. f4 e6 4. Nf3 Nf6 5. Bb5 Nd4 6. Bd3 Nc6 7. Bb5 Nd4 8. Bd3
Nc6 9. Ne5 Nd4 10. O-O Be7 11. Nf3 Nc6 12. Bb5 Qb6 13. d3 O-O 14. Bc4 d6 15.
Kh1 Na5 16. Bb3 Nxb3 17. axb3 Qc6 18. e5 Nd7 19. Ne4 d5 20. Ng3 f5 21. exf6
Bxf6 22. Re1 Re8 23. Ne5 Qd6 24. Ng4 Rf8 25. Nh5 Bh4 26. Re3 Nf6 27. Ne5 g6 28.
Rh3 Nxh5 29. Rxh4 Ng7 30. Bd2 d4 31. Qg4 Rf5 32. Kg1 b6 33. Qh3 Rh5 34. Rxh5
Nxh5 35. Qf3 Qd5 36. Qxd5 exd5 37. Nc6 Bb7 38. Nxa7 Kf7 39. Kf2 Ng7 40. Ra3 Nf5
41. Nb5 Ke7 42. b4 Nd6 43. Rxa8 Bxa8 44. Na3 Bc6 45. bxc5 bxc5 46. Ba5 Nf5 47.
Bd2 Ba4 48. g4 Nd6 49. b3 Bc6 50. Kg3 Bb7 51. Ba5 Kd7 52. Kh4 h6 53. b4 Kc6 54.
bxc5 Kxc5 55. Bd8 Nb5 56. Be7+ Kc6 57. Nxb5 Kxb5 58. Bf8 Bc6 59. f5 gxf5 60.
gxf5 Be8 61. f6 Kc6 62. Kg4 Bg6 63. Bxh6 Kd6 64. Kg5 Be8 65. Kf5 Bh5 66. Bf8+
Kd7 67. Bc5 Ke8 68. Ke6 1-0

[Event "15. OIBM Bad Wiessee"]
[Site "Bad Wiessee"]
[Date "2011.10.30"]
[Round "2.31"]
[White "Smirnov, Artem"]
[Black "Krahe, Frank"]
[Result "1/2-1/2"]
[WhiteElo "2444"]
[BlackElo "2178"]
[PlyCount "90"]
[EventDate "2011.??.??"]

1. d4 d5 2. c4 e6 3. Nf3 Nf6 4. Bg5 Be7 5. Nc3 O-O 6. e3 Nbd7 7. Rc1 a6 8. c5
c6 9. Bd3 b6 10. cxb6 Qxb6 11. O-O Qxb2 12. Ne5 Qb7 13. Na4 Nxe5 14. dxe5 Ne8
15. Bxe7 Qxe7 16. Qc2 g6 17. Nb6 Rb8 18. Qxc6 Bb7 19. Qa4 Rd8 20. Bxa6 Bxa6 21.
Qxa6 Ng7 22. a4 Nf5 23. a5 Qg5 24. Qe2 d4 25. f4 Qe7 26. exd4 Nxd4 27. Qb2 Qa7
28. Rfd1 Nf5 29. Qb5 Nd4 30. Qb2 Nf5 31. Qb5 Ne3 32. Rxd8 Rxd8 33. Qc5 Nf5 34.
h3 Kg7 35. Qc7 Rd1+ 36. Kh2 Qxc7 37. Rxc7 Ra1 38. Nc4 h5 39. g4 Ra2+ 40. Kg1
hxg4 41. hxg4 Nd4 42. Nd6 Nf3+ 43. Kf1 Nh2+ 44. Ke1 Nxg4 45. Rxf7+ Kh6 1/2-1/2

[Event "15. OIBM Bad Wiessee"]
[Site "Bad Wiessee"]
[Date "2011.10.30"]
[Round "2.33"]
[White "Mainka, Romuald"]
[Black "Harsch, Martin"]
[Result "1-0"]
[WhiteElo "2488"]
[BlackElo "2042"]
[PlyCount "55"]
[EventDate "2011.??.??"]
[WhiteTeam "Schachclub Hansa Dortmund e.V."]
[BlackTeam "Roche Basel"]

1. e4 c6 2. d4 d5 3. e5 Bf5 4. Nd2 e6 5. Nb3 Nd7 6. Nf3 Ne7 7. Be2 c5 8. Nxc5
Nxc5 9. dxc5 Nc6 10. Be3 Be4 11. O-O Bxf3 12. Bxf3 Nxe5 13. Bd4 Nc6 14. Re1 Qd7
15. c3 O-O-O 16. b4 Nxd4 17. cxd4 Kb8 18. a4 g5 19. a5 Bg7 20. Qd3 Rc8 21. b5
h5 22. Ra2 h4 23. Bd1 Qd8 24. b6 a6 25. Ba4 g4 26. c6 Qf6 27. c7+ Ka8 {
Diagramm #} 28. Qxa6+ 1-0

[Event "15. OIBM Bad Wiessee"]
[Site "Bad Wiessee"]
[Date "2011.10.30"]
[Round "2.35"]
[White "Bluebaum, Matthias"]
[Black "Hovens, Geert"]
[Result "1-0"]
[WhiteElo "2388"]
[BlackElo "2039"]
[PlyCount "139"]
[EventDate "2011.??.??"]

1. d4 d5 2. c4 e6 3. Nf3 Nf6 4. g3 b6 5. cxd5 exd5 6. Bg2 Bb7 7. O-O Be7 8. Qc2
O-O 9. Bf4 Na6 10. Nc3 Rc8 11. Nb5 Nb4 12. Qc1 c6 13. Nxa7 Ra8 14. a3 Rxa7 15.
axb4 Rxa1 16. Qxa1 Qa8 17. Bc7 b5 18. Qxa8 Rxa8 19. Ba5 Ne4 20. Rc1 f6 21. Rc2
Bd8 22. Bxd8 Rxd8 23. Ne1 Nd6 24. Nd3 Ra8 25. Bh3 f5 26. Nc5 Bc8 27. Nb3 Bd7
28. Na5 Kf8 29. b3 Rc8 30. f3 Ke7 31. Bg2 Kf6 32. Kf2 g6 33. h4 h6 34. Rc1 Re8
35. Ke1 g5 36. hxg5+ hxg5 37. Kd2 Rc8 38. e3 Rh8 39. Ke2 Rh2 40. Kf1 Rh8 41.
Rc5 Rc8 42. Kf2 g4 43. Rc1 Rh8 44. fxg4 fxg4 45. Nxc6 Ke6 46. Ne5 Rf8+ 47. Kg1
Nf5 48. Rf1 Rd8 49. Nxg4 Nxg3 50. Rf3 Ne4 51. Ne5 Rg8 52. Kh2 Be8 53. Rh3 Nf6
54. Bf3 Kf5 55. Rh4 Ke6 56. Nd3 Ke7 57. Nf4 Bf7 58. Be2 Be8 59. Rh3 Bd7 60. Rg3
Rh8+ 61. Kg2 Kf7 62. Ng6 Rb8 63. Ne5+ Ke7 64. Rg7+ Ke8 65. Bh5+ Kd8 66. Nxd7
Nxd7 67. Bf3 Nf6 68. Kg3 Ke8 69. Kf4 Kf8 70. Ra7 1-0

[Event "15. OIBM Bad Wiessee"]
[Site "Bad Wiessee"]
[Date "2011.10.30"]
[Round "2.37"]
[White "Kostic, Vladimir"]
[Black "Albrecht, Rainer"]
[Result "1-0"]
[WhiteElo "2433"]
[BlackElo "2112"]
[PlyCount "37"]
[EventDate "2011.??.??"]
[WhiteTeam "SK München Südost e.V."]
[BlackTeam "SC Kreuzberg e.V."]

1. c4 f5 2. Nc3 Nf6 3. d3 e5 4. g3 d6 5. Bg2 Be7 6. e3 O-O 7. Nge2 c6 8. O-O a5
9. b3 Be6 10. Bb2 Kh8 11. d4 Qc7 12. Rc1 Na6 {Diagramm #} 13. Nd5 $1 Nxd5 14.
cxd5 Bd7 15. dxc6 bxc6 16. dxe5 dxe5 17. Bxe5 $1 Qxe5 18. Qxd7 Nb4 19. Nd4 1-0